• 首页
  • 本馆介绍
  • 公告通知
  • 最新文献
  • 馆藏检索
  • 电子资源
  • 读者导购
  • 参考咨询
  • 我的图书馆
  • 登录
  • 详细信息显示
  • 放入我的书架
  • 预约/预借图书
  • 作者相关作品
  • 分类相关作品
  • 丛书相关作品
  • 出版社相关作品

书目信息

  • 表格格式
  • 工作单格式
  • 卡片格式
题名:
给中产阶层的金融投资书
    
 
作者: 肖琼 著
分册:  
出版信息: 北京   当代中国出版社  2019
页数: 229页
开本: 24cm
丛书名:
单 册:
中图分类: F830.59-49
科图分类:
主题词: 金融投资--通俗读物
电子资源:
ISBN: 978-7-5154-0917-7
000 00848nam0 2200229 450
001 012001009474
005 20140102095732.0
010    @a978-7-5154-0917-7@dCNY48.00
100    @a20190710d2019 em y0chiy50 ea
101 0  @achi
102    @aCN@b110000
105    @ay z 000yy
106    @ar
200 1  @a给中产阶层的金融投资书@9gei zhong chan jie ceng de jin rong tou zi shu@b专著@f肖琼著
210    @a北京@c当代中国出版社@d2019
215    @a229页@d24cm
330    @a本书分为读懂金融世界,不做财富奴隶;把握资本规律,运用投资工具;配置个人资产,规避理财陷阱三部分,内容包括:钱和钞票那些事儿;不可不知的金融学名词;保险——避险收益两不误;理财,让你的财富为你打工等。
606 0  @a金融投资@j通俗读物
690    @aF830.59-49@v5
701  0 @a肖琼@9xiao qiong@4著
801  2 @aCN@b上海新华@c20191020
905    @b1188332-5@dF830.59-49@e473@f4
    
    给中产阶层的金融投资书/肖琼著.-北京:当代中国出版社,2019
    229页;24cm
    
    
    ISBN 978-7-5154-0917-7:CNY48.00
    本书分为读懂金融世界,不做财富奴隶;把握资本规律,运用投资工具;配置个人资产,规避理财陷阱三部分,内容包括:钱和钞票那些事儿;不可不知的金融学名词;保险——避险收益两不误;理财,让你的财富为你打工等。
●
相关链接 在E读中查询图书 在五车中查询图书 在当当中查询图书 在豆瓣中查询图书


正题名:给中产阶层的金融投资书     索取号:F830.59-49/473         预约/预借

序号 登录号 条形码 馆藏地/架位号 状态 备注
1 1188332   211883327   第一样本阅览室/ [索取号:F830.59-49/473] 在馆    
2 1188333   211883336   第一借阅区/ [索取号:F830.59-49/473] 在馆    
3 1188334   211883345   第一借阅区/ [索取号:F830.59-49/473] 在馆    
4 1188335   211883354   第一借阅区/ [索取号:F830.59-49/473] 在馆    
唐山师范学院图书馆 欢迎您!
大连网信软件有限公司© 版权所有